00331nam a2200109Ia 4500008004100000082000800041100001900049245003700068942000600105952009500111999001500206240331s9999 xx 000 0 und d bPAN aPanchaangam, K 0aDalithugal, penngal, tamizhargal cL 001040708LaWERCLbWERCLcSSCd2024-03-31l0o 305 PANp1971r2024-03-31w2024-03-31yL c1518d1518